000
00200nam a2200097Ia 4500
008
240331s9999 xx 000 0 und d
082
_b
GOO
100
_a
Gooneratne,Y
245
4
_a
The sweet
942
_c
L
999
_c
4525
_d
4525